000 00990nam a2200253 a 4500
001 BRL_576
005 20190320210817.0
008 040913s1948----mx-a######---#000-0dspa-#
041 _aspa
044 _amx
050 4 _aF1219.1.C47
_b.M85 1948
100 1 _aMuller, Florencia
_924338
245 1 0 _aChimalacatlán
_cFlorencia Muller.
260 _aMéxico, D.F.
_b[ENAH]
_c1948
300 _a88 p.
_bil., mapas
_c23 cm.
440 0 _aActa Anthropologica
_vIII: 1
_924339
500 _aTomado de la tesis con el título original: Exploración arqueológica y reconstruccioìn histórica del Cerro del Venado, Chimalacatlán, Morelos´. Tesis para obtener la maestría en ciencias antropológicas ... México, D. F., 1946.
500 _aAu620
500 _aBibliografía: p. 87-88
651 4 _aChimalacatlán (México)
_xAntigüedades
_924340
740 0 _aExploración arqueológica y reconstrucción histórica del cerro del venado, Chimalacatlán
902 _aGRL
942 _2lcc
_cB
999 _c9388
_d9388